[Event "AUTO-MASTER-3027"]
[Site "http://www.queenalice.com/game.php?id=1643364"]
[Date "2021.2.12"]
[Round "1"]
[White "Foliko"]
[Black "JailtonMaster"]
[Result "1-0"]
[WhiteElo "2041"]
[BlackElo "1930"]

1. e4 c5 2. c3 d6 3. d4 cxd4 4. cxd4 Nf6 5. Nc3 a6 6. h3 e6 7. Nf3 Be7 8. Bc4
O-O 9. O-O Nc6 10. Qc2 b5 11. Bd3 Nb4 12. Qd2 Nxd3 13. Qxd3 Bb7 14. Be3 Rc8 15.
a3 Qd7 16. Rad1 Bd8 17. Ng5 h6 18. Nf3 Bb6 19. Bf4 d5 20. exd5 Nxd5 21. Ne5 Nxf4
22. Nxd7 Nxd3 23. Nxb6 Rc7 24. Rxd3 Rd8 25. d5 exd5 26. Nbxd5 1-0

[Event "AUTO-MASTER-3027"]
[Site "http://www.queenalice.com/game.php?id=1643375"]
[Date "2021.2.12"]
[Round "1"]
[White "CCapivara"]
[Black "Foliko"]
[Result "1-0"]
[WhiteElo "2214"]
[BlackElo "2065"]

1. e4 c6 2. d4 d5 3. exd5 Qxd5 4. Nf3 Bf5 5. Bd3 Bg4 6. Nbd2 e6 7. O-O Nf6 8. c3
Be7 9. Qc2 Nbd7 10. Re1 O-O 11. Ne5 Bh5 12. Ne4 Rac8 13. Bd2 c5 14. Nxd7 Nxd7
15. Nxc5 Nxc5 16. dxc5 Bxc5 17. Bxh7+ Kh8 18. Be4 Qd7 19. Be3 Bxe3 20. Rxe3 Rfd8
21. Rae1 Kg8 22. h3 Rc5 23. g4 f5 24. gxf5 exf5 25. Bg2 Bg6 26. Qe2 f4 27. Re7
Qf5 28. Rxb7 Re8 29. Qd1 Rxe1+ 30. Qxe1 f3 31. Bf1 Qh5 32. Qe6+ Kh7 33. Qe7 Rg5+
34. Kh1 Bd3 35. Bxd3+ Kh6 36. Qd6+ 1-0

[Event "AUTO-MASTER-3027"]
[Site "http://www.queenalice.com/game.php?id=1643376"]
[Date "2021.2.12"]
[Round "1"]
[White "Foliko"]
[Black "CCapivara"]
[Result "1-0"]
[WhiteElo "2017"]
[BlackElo "2223"]

1. e4 d6 2. d4 Nf6 3. Bd3 e5 4. c3 Be7 5. h3 O-O 6. Nf3 Nbd7 7. O-O c6 8. Nbd2
Re8 9. Nc4 Qc7 10. Bg5 b5 11. Ne3 Nf8 12. Rc1 a5 13. dxe5 dxe5 14. c4 b4 15. c5
Ne6 16. Bh4 Rd8 17. Qc2 Nxc5 18. Bc4 Ncxe4 19. Bxf6 Nxf6 20. Ng5 h6 21. Nxf7 Kf8
22. Qg6 Rd4 23. Nxh6 Bd6 24. Nhf5 Bxf5 25. Nxf5 Rd8 26. Nxd4 exd4 27. Rfe1 c5
28. Re6 Qf7 29. Qxf7+ 1-0

[Event "AUTO-MASTER-3027"]
[Site "http://www.queenalice.com/game.php?id=1643381"]
[Date "2021.2.12"]
[Round "1"]
[White "Wecker"]
[Black "Foliko"]
[Result "0-1"]
[WhiteElo "1949"]
[BlackElo "2053"]

1. e4 c6 2. f4 d5 3. e5 Bf5 4. Nc3 h6 5. g4 Bh7 6. Bg2 e6 7. Nf3 a6 8. d4 Bb4 9.
Bd2 Ne7 10. Qe2 O-O 11. O-O-O c5 12. g5 hxg5 13. fxg5 Nbc6 14. Na4 Qa5 15. Bxb4
cxb4 16. b3 b5 17. Nc5 Qxa2 18. Kd2 Qxc2+ 19. Ke1 Qf5 20. Rf1 Qg4 21. Rf2 Nf5
22. h3 Qg3 23. Rd3 Nh4 24. Nxh4 Bxd3 0-1

[Event "AUTO-MASTER-3027"]
[Site "http://www.queenalice.com/game.php?id=1643382"]
[Date "2021.2.12"]
[Round "1"]
[White "Foliko"]
[Black "Wecker"]
[Result "0-1"]
[WhiteElo "2050"]
[BlackElo "1874"]

1. e4 e5 2. Nf3 Nc6 3. d4 exd4 4. Bc4 Nf6 5. e5 d5 6. Bb3 Ng4 7. Bf4 Bb4+ 8. c3
dxc3 9. bxc3 Bc5 10. O-O O-O 11. Bxd5 Re8 12. h3 Ngxe5 13. Nxe5 Nxe5 14. Bxe5
Bxh3 15. gxh3 Rxe5 16. c4 Qf6 17. Nc3 Rg5+ 18. Bg2 Qxc3 19. Kh1 c6 20. Qe2 Re5
21. Qg4 Rae8 22. Rad1 f6 23. Rd7 Rg5 24. Qf4 h6 25. Rxb7 Re1 26. Rb8+ Kh7 27.
Be4+ Rxe4 28. Qxe4+ f5 29. Rb3 Qxb3 30. Qxf5+ Rxf5 31. axb3 Rxf2 32. Rb1 a5 33.
Ra1 Bb4 34. Rb1 Re2 35. Kg1 Re1+ 36. Rxe1 Bxe1 37. Kg2 c5 38. Kf3 Kg6 39. Ke2
Bc3 40. Kd3 Bd4 41. Ke4 Kg5 42. Kf3 Kh4 0-1

[Event "AUTO-MASTER-3039"]
[Site "http://www.queenalice.com/game.php?id=1648977"]
[Date "2021.4.7"]
[Round "1"]
[White "Foliko"]
[Black "Meckerkopp"]
[Result "0-1"]
[WhiteElo "1983"]
[BlackElo "2091"]

1. e4 e5 2. Nf3 Nc6 3. d4 exd4 4. Bc4 h6 5. O-O Bc5 6. a3 Qf6 7. e5 Qe7 8. b4
Bb6 9. Bb2 d6 10. Re1 Be6 11. exd6 Qxd6 12. b5 Nce7 13. Bxe6 fxe6 14. Nbd2 Nf6
15. Nc4 Qd7 16. Nxb6 axb6 17. a4 c5 18. Ne5 Qc8 19. Qf3 O-O 20. Qg3 Qe8 21. Nc4
Ng6 22. Nxb6 Rd8 23. Ba3 Nh5 24. Qd3 Rf5 25. Bc1 Ne5 26. Qb3 Qg6 27. f4 d3 28.
Rd1 Nxf4 29. Bxf4 Rxf4 0-1

[Event "AUTO-MASTER-3039"]
[Site "http://www.queenalice.com/game.php?id=1648978"]
[Date "2021.4.7"]
[Round "1"]
[White "Meckerkopp"]
[Black "Foliko"]
[Result "0-1"]
[WhiteElo "2093"]
[BlackElo "2003"]

1. e4 c6 2. d4 d5 3. e5 Bf5 4. Bd3 Bg6 5. Bf4 e6 6. Nf3 c5 7. c3 Bh5 8. Bb5+ Nc6
9. Nbd2 cxd4 10. Qa4 Ne7 11. Nxd4 Qc7 12. O-O a6 13. Bxc6+ Nxc6 14. b4 Qc8 15.
Nxc6 bxc6 16. Nb3 Qc7 17. Nd4 Be7 18. Nxc6 O-O 19. Nxe7+ Qxe7 20. a3 Rfc8 21.
Qb3 Rc4 22. Be3 Bg6 23. Bd4 h5 24. a4 Qg5 25. f4 Qg4 26. Rf2 Be4 27. Qd1 Qh4 28.
a5 g6 29. Qa4 Qe7 30. Re1 Bf5 31. Re3 h4 32. h3 Qc7 33. g4 Be4 34. g5 Rxd4 35.
Qa1 Rd3 36. Rxd3 Bxd3 37. Rf3 Qc4 38. Qe1 Rc8 39. Qd2 Be4 40. Re3 Qb3 41. Kf2
Qb1 42. Re1 Qb3 43. Re3 Rc4 44. Ke2 Bf5 45. Rf3 Re4+ 46. Kf2 Qb1 0-1

[Event "AUTO-MASTER-3039"]
[Site "http://www.queenalice.com/game.php?id=1648979"]
[Date "2021.4.7"]
[Round "1"]
[White "Foliko"]
[Black "clovis"]
[Result "1-0"]
[WhiteElo "2035"]
[BlackElo "2021"]

1. e4 e5 2. Nf3 Nc6 3. d4 exd4 4. Bc4 Nf6 5. e5 d5 6. Bb3 Ne4 7. O-O Bc5 8. c4
dxc4 9. Bxc4 O-O 10. a3 Qe7 11. b4 Bb6 12. Re1 Bf5 13. Bb2 d3 14. Rf1 Rad8 15.
Nbd2 Bg4 16. Nxe4 Bxf3 17. gxf3 Nxe5 18. Bb3 Bd4 19. Rb1 Bxb2 20. Rxb2 Qh4 21.
Kh1 Qh3 22. Rg1 Nxf3 23. Rg2 Rfe8 24. Ng5 Qxg2+ 25. Kxg2 Nxg5 26. Rd2 Re4 27.
Rxd3 Rg4+ 28. Qxg4 Rxd3 29. Qc8+ 1-0

[Event "AUTO-MASTER-3039"]
[Site "http://www.queenalice.com/game.php?id=1648980"]
[Date "2021.4.7"]
[Round "1"]
[White "clovis"]
[Black "Foliko"]
[Result "1-0"]
[WhiteElo "2047"]
[BlackElo "1997"]

1. e4 c6 2. Nf3 d5 3. exd5 Qxd5 4. d4 Bf5 5. Nc3 Qa5 6. Bc4 e6 7. O-O Nf6 8. Re1
Be7 9. Bd2 Qc7 10. Ne5 O-O 11. Bf4 Qb6 12. b3 Bb4 13. Bd2 Qxd4 14. Nf3 Qd8 15.
a3 Ba5 16. b4 Bc7 17. Bb3 Nbd7 18. Bg5 h6 19. Bh4 g5 20. Bg3 Bxg3 21. hxg3 Qb6
22. Qd2 Rad8 23. Nxg5 hxg5 24. Qxg5+ Bg6 25. Bxe6 Nh7 26. Qxg6+ Kh8 27. Bxf7
Ndf6 28. Re7 Rd7 29. Rae1 Qc7 30. Rxd7 Qxd7 31. Bc4 Ng4 32. Bd3 Nxf2 33. Qxh7+
Qxh7 34. Bxh7 Kxh7 35. Rf1 Kg7 36. Rxf2 Rd8 37. g4 Kg6 38. Ne4 Rd4 39. Re2 Rd1+
40. Kf2 Ra1 41. Re3 Rc1 42. Rc3 Rd1 43. Rd3 Rc1 44. c3 b6 45. Rd6+ Kf7 46. Rxc6
Ra1 47. Rc7+ Ke6 48. Rxa7 Kd5 49. Kf3 Rf1+ 50. Ke2 Rc1 51. Kd3 Rd1+ 52. Nd2 Rg1
53. Ra6 Rxg2 54. Rxb6 Rxg4 55. c4+ Ke5 56. a4 1-0

[Event "AUTO-MASTER-3039"]
[Site "http://www.queenalice.com/game.php?id=1648981"]
[Date "2021.4.7"]
[Round "1"]
[White "Foliko"]
[Black "elisa"]
[Result "0-1"]
[WhiteElo "2011"]
[BlackElo "2051"]

1. e4 e5 2. Nf3 Nc6 3. d4 exd4 4. Bc4 Nf6 5. e5 Ng4 6. Bxf7+ Kxf7 7. Ng5+ Kg8 8.
Qxg4 Qe8 9. O-O h6 10. Nf3 d5 11. Qf4 Qf7 12. Qd2 Bc5 13. c3 Bf5 14. cxd4 Bb4
15. Nc3 Rd8 16. a3 Be7 17. Re1 g5 18. h3 Bxh3 19. Qe2 Bg4 20. Be3 Qf5 21. Rad1
a6 22. Rd3 h5 23. Bc1 h4 24. Qd2 Na5 25. Ne2 Nc4 26. Qc3 h3 27. Nh2 hxg2 28. f3
Bh3 29. f4 Rf8 30. Rf3 g4 31. Ng3 Qg6 32. f5 Qg7 33. f6 Bxf6 34. exf6 gxf3 35.
Qxf3 Rxf6 36. Qxd5+ Qf7 37. Re8+ Kg7 38. Rxh8 Qxd5 0-1

[Event "AUTO-MASTER-3039"]
[Site "http://www.queenalice.com/game.php?id=1648982"]
[Date "2021.4.7"]
[Round "1"]
[White "elisa"]
[Black "Foliko"]
[Result "1-0"]
[WhiteElo "2030"]
[BlackElo "2027"]

1. e4 c6 2. Nc3 d5 3. d3 Nf6 4. Nf3 Bg4 5. e5 Nfd7 6. d4 e6 7. Be2 a6 8. h3 Bh5
9. g4 Bg6 10. Bg5 Be7 11. h4 h6 12. Bxe7 Qxe7 13. h5 Bh7 14. Qd2 b5 15. O-O-O c5
16. dxc5 Nxc5 17. a3 Nc6 18. g5 Be4 19. gxh6 gxh6 20. Nxe4 Nxe4 21. Qe3 Qc7 22.
Bd3 Ng5 23. Nxg5 hxg5 24. Qxg5 Nxe5 25. h6 Rc8 26. Kb1 Nxd3 27. cxd3 Qc2+ 28.
Ka1 Qxf2 29. Qg7 Ke7 30. Rdf1 Qe3 31. Qxf7+ Kd6 32. Re1 Qxd3 33. Rxe6+ Kc5 34.
Rc1+ Kd4 35. Qg7# 1-0

[Event "Challenge"]
[Site "http://www.queenalice.com/game.php?id=1761683"]
[Date "2021.6.8"]
[Round "-"]
[White "MADMIKE"]
[Black "Foliko"]
[Result "0-1"]
[WhiteElo "1789"]
[BlackElo "1971"]

1. d4 c6 2. e4 d5 3. e5 Bf5 4. Nc3 e6 5. Bd3 Bg6 6. Nf3 Bh5 7. O-O a6 8. a3 c5
9. dxc5 Bxc5 10. b4 Ba7 11. Be2 Nc6 12. b5 Bxf3 13. Bxf3 Nxe5 14. Be2 Ne7 15.
bxa6 bxa6 16. Bxa6 O-O 17. Bb2 Qb6 18. Bb5 Nc4 19. Bxc4 Qxb2 20. Na4 Qf6 21. Bd3
e5 22. c3 Qh4 23. Qc2 e4 24. Bb5 Rac8 25. Rad1 Rfd8 26. Ba6 Rc7 27. Nb2 d4 28.
c4 d3 29. Qc3 Nd5 30. Qe5 Re7 31. Qg3 Qxg3 32. hxg3 Nc3 33. Rd2 Rd6 34. Bb5 Ne2+
35. Rxe2 dxe2 36. Re1 Rd2 0-1

[Event "Challenge"]
[Site "http://www.queenalice.com/game.php?id=1761684"]
[Date "2021.6.8"]
[Round "-"]
[White "Foliko"]
[Black "MADMIKE"]
[Result "1-0"]
[WhiteElo "1980"]
[BlackElo "1780"]

1. e4 e5 2. Nf3 d6 3. d4 exd4 4. Nxd4 Be7 5. Bc4 Nf6 6. O-O O-O 7. Re1 Nc6 8. c3
Nxd4 9. cxd4 c6 10. Nc3 a6 11. Bf4 b5 12. Bb3 c5 13. Qf3 Bb7 14. dxc5 dxc5 15.
Rad1 Qc8 16. Nd5 Nxd5 17. exd5 Bf6 18. Qg3 c4 19. Bc2 Bxb2 20. d6 Bc6 21. Qh4 f5
22. Re7 Bf6 23. Bg5 Bxe7 24. Bxe7 Rf7 25. g4 Be4 26. Bxe4 fxe4 27. d7 Qc7 28.
d8=Q+ Rxd8 29. Rxd8+ Qxd8 30. Bxd8 Rf8 31. Ba5 h6 32. Qe7 Rf4 33. h3 Rf3 34.
Qxe4 Rxh3 35. g5 hxg5 36. Qe6+ 1-0

[Event "AUTO-MASTER-3052"]
[Site "http://www.queenalice.com/game.php?id=1763373"]
[Date "2021.6.30"]
[Round "1"]
[White "Foliko"]
[Black "ratorei"]
[Result "0-1"]
[WhiteElo "2035"]
[BlackElo "2142"]

1. e4 c5 2. c3 Nf6 3. e5 Nd5 4. d4 cxd4 5. cxd4 d6 6. exd6 Qxd6 7. Nc3 a6 8. Bc4
Nb6 9. Bb3 Bf5 10. Nf3 e6 11. O-O Be7 12. Re1 O-O 13. Be3 Nc6 14. Qd2 Na5 15.
Bf4 Nxb3 16. axb3 Qb4 17. d5 Rad8 18. Nd4 Bf6 19. Be3 Bxd4 20. Qxd4 Qxd4 21.
Bxd4 Nxd5 22. h3 Nb4 23. Ra4 Rxd4 24. Ne2 Rh4 25. g3 Rxh3 26. Rxb4 b5 27. Rc1 e5
28. Rc5 f6 29. Kg2 Rh6 30. g4 Rg6 31. f3 h5 32. Ng3 Bd3 33. Rc3 Rd8 34. Nxh5 f5
35. Ng3 fxg4 36. fxg4 e4 37. Kh3 e3 38. Rc1 Kf7 39. Rf4+ Rf6 40. Rxf6+ gxf6 41.
Rd1 Rh8+ 42. Kg2 Bc2 43. Re1 Bxb3 44. Rxe3 Bd5+ 45. Kf1 Rh2 46. b3 Rb2 47. Rd3
Bxb3 48. Ke1 Bc4 49. Rc3 a5 50. Ne4 Re2+ 0-1

[Event "AUTO-MASTER-3052"]
[Site "http://www.queenalice.com/game.php?id=1763374"]
[Date "2021.6.30"]
[Round "1"]
[White "ratorei"]
[Black "Foliko"]
[Result "1-0"]
[WhiteElo "2108"]
[BlackElo "2049"]

1. e4 c6 2. d4 d5 3. exd5 Qxd5 4. Nc3 Qa5 5. Nf3 Bf5 6. Bc4 e6 7. O-O Nf6 8. Bd2
Qc7 9. Re1 Bg4 10. Bb3 Bd6 11. h3 Bh5 12. d5 e5 13. g4 Bg6 14. Nxe5 Kf8 15. f4
Bxe5 16. fxe5 Nxd5 17. Nxd5 cxd5 18. Bf4 h5 19. Qxd5 hxg4 20. e6 Qb6+ 21. Be3
Qc6 22. e7+ Kg8 23. Qxc6 Nxc6 24. Bc5 Kh7 25. hxg4 f6 26. Kf2 Be4 27. Rxe4 Kg6
28. Rae1 Ne5 29. Kg3 a6 30. Bd6 Rae8 31. Bxe5 fxe5 32. Rxe5 1-0

[Event "AUTO-MASTER-3052"]
[Site "http://www.queenalice.com/game.php?id=1763375"]
[Date "2021.6.30"]
[Round "1"]
[White "Foliko"]
[Black "BeatifulDevil56"]
[Result "1-0"]
[WhiteElo "2037"]
[BlackElo "1942"]

1. e4 e5 2. Nf3 d6 3. Bc4 Bg4 4. d4 exd4 5. c3 dxc3 6. Nxc3 Nf6 7. Qb3 b6 8.
Bxf7+ Kd7 9. Bg5 Be7 10. O-O-O Kc8 11. e5 Nfd7 12. Bxe7 Qxe7 13. exd6 cxd6 14.
Bd5 Bxf3 15. gxf3 Nc5 16. Qc4 1-0

[Event "AUTO-MASTER-3052"]
[Site "http://www.queenalice.com/game.php?id=1763376"]
[Date "2021.6.30"]
[Round "1"]
[White "BeatifulDevil56"]
[Black "Foliko"]
[Result "0-1"]
[WhiteElo "1975"]
[BlackElo "2061"]

1. d4 Nf6 2. Bf4 d5 3. e3 Bf5 4. Nf3 a6 5. c4 c6 6. c5 b6 7. cxb6 Qxb6 8. b3 e6
9. Bd3 Bg4 10. Be2 Bb4+ 11. Kf1 O-O 12. h3 Bh5 13. g4 Bg6 14. Ne5 Bxb1 15. Rxb1
Ne4 16. Rb2 Ra7 17. h4 c5 18. dxc5 Bxc5 19. Nd3 Ba3 20. Rc2 Nd7 21. f3 Nef6 22.
Kf2 Nc5 23. Nxc5 Bxc5 24. Qd3 Re8 25. Rc3 e5 26. Bg5 e4 27. Qd2 exf3 28. Bxf3 d4
29. Rd3 dxe3+ 30. Bxe3 Bxe3+ 31. Rxe3 Rd7 0-1

[Event "AUTO-MASTER-3052"]
[Site "http://www.queenalice.com/game.php?id=1763377"]
[Date "2021.6.30"]
[Round "1"]
[White "Foliko"]
[Black "Rafale2000"]
[Result "1-0"]
[WhiteElo "2023"]
[BlackElo "1970"]

1. e4 Nf6 2. e5 Nd5 3. d4 d6 4. c4 Nb6 5. Nf3 Bg4 6. Bf4 Nc6 7. Be2 e6 8. Nc3
Be7 9. O-O O-O 10. a3 dxe5 11. Nxe5 Bxe2 12. Nxe2 Nxe5 13. Bxe5 f6 14. Bg3 Nxc4
15. Qb3 Qd5 16. Qc2 c6 17. Rfe1 Nb6 18. Rad1 Qd7 19. Nf4 Rfe8 20. Nxe6 Bd6 21.
Nc5 Bxc5 22. Rxe8+ Rxe8 23. dxc5 Nc8 24. h4 Qg4 25. Rc1 h5 26. Qb3+ Kh7 27. Qxb7
Qe6 28. b4 Qe4 29. Qd7 Kg6 30. Kh2 Qe6 31. Rd1 Qxd7 32. Rxd7 1-0

[Event "AUTO-MASTER-3052"]
[Site "http://www.queenalice.com/game.php?id=1763378"]
[Date "2021.6.30"]
[Round "1"]
[White "Rafale2000"]
[Black "Foliko"]
[Result "0-1"]
[WhiteElo "1969"]
[BlackElo "1988"]

1. e4 c6 2. d4 d5 3. Nc3 Nf6 4. e5 Nfd7 5. Qe2 Nb6 6. f4 Bf5 7. g4 Bd7 8. f5 e6
9. Bh3 c5 10. Nf3 Nc6 11. Be3 cxd4 12. Nxd4 Qh4+ 13. Bf2 Qxh3 14. Nxc6 Bxc6 15.
Bd4 Qh4+ 16. Kd2 Nc4+ 17. Kc1 Be7 18. Bf2 Qg5+ 19. Kd1 Nxb2+ 20. Ke1 d4 21. Ne4
Qf4 22. Nd6+ Bxd6 23. exd6 Bxh1 24. Qb5+ Bc6 25. Qxb2 e5 26. h3 O-O 27. Qa3 Qe4+
28. Kd1 Bb5 29. Kc1 Qf4+ 0-1

[Event "AUTO-MASTER-3055"]
[Site "http://www.queenalice.com/game.php?id=1764588"]
[Date "2021.7.17"]
[Round "1"]
[White "Foliko"]
[Black "kakocarvalho"]
[Result "0-1"]
[WhiteElo "2074"]
[BlackElo "2021"]

1. e4 d6 2. d4 Nf6 3. Bd3 g6 4. c3 Bg7 5. h3 O-O 6. Nf3 Nbd7 7. O-O h5 8. Na3 e5
9. Be3 a6 10. Qd2 exd4 11. cxd4 b5 12. e5 dxe5 13. dxe5 Nd5 14. Bh6 Nc5 15. Bxg7
Kxg7 16. Be2 Bb7 17. Rfd1 Qe7 18. Re1 Ne6 19. Nc2 Rad8 20. Qc1 Ndf4 21. Bd1 Bxf3
22. Bxf3 Nd3 23. Qe3 Nxe1 24. Rxe1 c5 25. Qa3 Qa7 26. Ne3 Rd4 27. Rc1 Rfd8 28.
g4 hxg4 29. Nxg4 b4 30. Qe3 Kf8 31. Nf6 Kg7 32. Bg4 Rd2 33. Ne4 R2d3 34. Qe2 Nf4
35. Qe1 Nxh3+ 36. Bxh3 Rxh3 37. Ng5 Rh4 38. e6 Rg4+ 39. Kf1 Rxg5 40. Qe3 Qe7 0-1

[Event "AUTO-MASTER-3055"]
[Site "http://www.queenalice.com/game.php?id=1764589"]
[Date "2021.7.17"]
[Round "1"]
[White "kakocarvalho"]
[Black "Foliko"]
[Result "1/2-1/2"]
[WhiteElo "2012"]
[BlackElo "2056"]

1. Nf3 Nf6 2. g3 d5 3. Bg2 Bf5 4. d3 e6 5. O-O c5 6. Nbd2 Nc6 7. Re1 Be7 8. Nf1
O-O 9. h4 Qb6 10. N1h2 Rad8 11. b3 h6 12. Bb2 c4 13. Rb1 cxd3 14. cxd3 Nh7 15.
e3 Bd6 16. Nd4 Nxd4 17. Bxd4 Bc5 18. Bxc5 Qxc5 19. b4 Qb6 20. g4 Bg6 21. h5 e5
22. hxg6 fxg6 23. a4 Ng5 24. Qb3 Qe6 25. e4 Kh7 26. a5 d4 27. Qd1 Qa2 28. Re2
Qe6 29. Rc2 Qf6 30. Rbc1 Ne6 31. f3 Qg5 32. b5 Qe3+ 33. Kh1 Nf4 34. Nf1 Qxd3 35.
Qxd3 Nxd3 36. Rd1 Nf4 37. Rc7 Rc8 38. Rxb7 Rc5 39. b6 axb6 40. axb6 d3 41. Nd2
Rc2 42. Bf1 Rfc8 43. Rc7 R2xc7 44. bxc7 Rxc7 45. Nb3 Rc3 46. Nd2 h5 47. g5 Ne6
48. Kg2 Nxg5 49. Kg3 Ne6 50. Bh3 Nf4 51. Bd7 g5 52. Bb5 Rc2 53. Ba4 1/2-1/2

[Event "AUTO-MASTER-3055"]
[Site "http://www.queenalice.com/game.php?id=1764590"]
[Date "2021.7.17"]
[Round "1"]
[White "Foliko"]
[Black "Redtom"]
[Result "1-0"]
[WhiteElo "2054"]
[BlackElo "2058"]

1. e4 d5 2. e5 Bf5 3. d4 c5 4. c3 cxd4 5. cxd4 e6 6. a3 Nc6 7. Nc3 a6 8. Nf3 Qc7
9. Bf4 Nge7 10. Be2 b5 11. O-O h6 12. Rc1 Qb6 13. b4 Bh7 14. h3 Nf5 15. Be3 Nxe3
16. fxe3 Be7 17. Nd2 O-O 18. Nf3 Bd8 19. Kh2 Ne7 20. Bd3 Nf5 21. Qd2 Bc7 22.
Rfe1 Rae8 23. Qc2 f6 24. g4 fxe5 25. Nxd5 exd5 26. dxe5 Nxe3 27. Bxh7+ Kh8 28.
Qxc7 Qxc7 29. Rxc7 Rxf3 30. Bg6 Ref8 31. Bf5 Nxf5 32. gxf5 R3xf5 33. e6 d4 34.
e7 Re8 35. Rd7 Kh7 36. Rd8 1-0

[Event "AUTO-MASTER-3055"]
[Site "http://www.queenalice.com/game.php?id=1764591"]
[Date "2021.7.17"]
[Round "1"]
[White "Redtom"]
[Black "Foliko"]
[Result "1-0"]
[WhiteElo "2057"]
[BlackElo "2070"]

1. e4 c6 2. d4 d5 3. Nc3 Nf6 4. e5 Nfd7 5. Nf3 Nb6 6. h3 Bf5 7. Bd3 Bg6 8. O-O
e6 9. Ne2 Be7 10. b3 Bh5 11. Ng3 Bg6 12. a4 a6 13. a5 N6d7 14. Bxg6 hxg6 15. c4
b6 16. Bd2 c5 17. axb6 Nxb6 18. Ba5 Nc6 19. Bc3 cxd4 20. Bxd4 dxc4 21. Bxb6 Qxb6
22. bxc4 O-O 23. Ne4 f6 24. exf6 gxf6 25. Qe2 Kf7 26. Rfd1 Rh8 27. Nd6+ Bxd6 28.
Rxd6 e5 29. Rd7+ Ne7 30. Rad1 g5 31. R1d6 Qb1+ 32. Kh2 Qf5 33. c5 g4 34. Qc4+
Kg6 35. Rxe7 Raf8 36. Nxe5+ Kh5 37. Qxg4+ Qxg4 38. Nxg4 Kg6 39. Rxa6 Rh5 40. c6
Rc5 41. c7 Rc4 42. Ne5+ 1-0

[Event "AUTO-MASTER-3055"]
[Site "http://www.queenalice.com/game.php?id=1764592"]
[Date "2021.7.17"]
[Round "1"]
[White "Foliko"]
[Black "Artking"]
[Result "1-0"]
[WhiteElo "2023"]
[BlackElo "2103"]

1. e4 d5 2. e5 Bf5 3. d4 e6 4. a3 a6 5. Nf3 h6 6. c4 c6 7. Nc3 Nd7 8. cxd5 cxd5
9. b4 Ne7 10. Bd3 Rc8 11. Bb2 Bg4 12. O-O f5 13. h3 Bh5 14. Be2 g5 15. Nh2 g4
16. hxg4 fxg4 17. Nxg4 Rg8 18. Nf6+ Nxf6 19. exf6 Bxe2 20. Qxe2 Nf5 21. Qxe6+
1-0

[Event "AUTO-MASTER-3055"]
[Site "http://www.queenalice.com/game.php?id=1764593"]
[Date "2021.7.17"]
[Round "1"]
[White "Artking"]
[Black "Foliko"]
[Result "0-1"]
[WhiteElo "2111"]
[BlackElo "2042"]

1. Nf3 Nf6 2. d4 d5 3. c4 c6 4. g3 Bf5 5. Nc3 e6 6. Bg2 dxc4 7. a4 Nd5 8. Nh4
Bg4 9. h3 Bh5 10. g4 Qxh4 11. gxh5 Qxh5 12. Ne4 Bb4+ 13. Kf1 Qh4 14. Bg5 Qh5 15.
h4 f6 16. Bf3 Qf7 17. Bc1 Nd7 18. h5 O-O-O 19. a5 e5 20. a6 b6 21. Bd2 Be7 22.
e3 f5 23. Nc3 e4 24. Be2 Nb4 25. f4 g5 26. hxg6 hxg6 27. Rg1 Rh2 28. Rg2 Rdh8
29. Be1 Qh7 30. Bg3 Rh1+ 31. Rg1 Qh3+ 32. Kf2 Bh4 33. Nxe4 fxe4 34. Bg4 Rh2+ 35.
Ke1 Bxg3+ 0-1